Gaming Quiz

Random Gaming or Color Quiz
Score 0/12 Timer 00:15
0 Plays Today
Colors % Correct
Red
84.1%
Blue
82.3%
Green
75.3%
Cyan
74.1%
Black
71.5%
Yellow
66.9%
Lime
65%
Orange
63.6%
Pink
60.7%
Purple
57.2%
Brown
56.6%
White
56.1%
Remove Ads.
Support Sporcle.
Get the best of Sporcle when you Go Orange. This ad-free experience offers more features, more stats, and more fun while also helping to support Sporcle. Thank you for becoming a member.

You're not logged in!

Compare scores with friends on all Sporcle quizzes.
OR
Log In

Show Comments

Extras

Top Quizzes Today


Score Distribution

Your Account Isn't Verified!

In order to create a playlist on Sporcle, you need to verify the email address you used during registration. Go to your Sporcle Settings to finish the process.

Report this User

Report this user for behavior that violates our Community Guidelines.

Details: